[Event "2. Bundesliga West 2008/2009"]
[Site "Jenbach"]
[Date "2008.10.17"]
[Round "1"]
[Board "1"]
[White "Reich, Thomas"]
[Black "Bayer, Bernhard"]
[Result "0-1"]
[WhiteElo "2425"]
[BlackElo "2359"]
[PlyCount "82"]
[EventDate "2008.10.17"]
[EventType "team"]
[EventRounds "11"]
[EventCountry "AUT"]
[WhiteTeam "Sparkasse Jenbach II"]
[BlackTeam "Schwaz"]

{1056MB, Fritz9.ctg}  1.d4 Nf6 2.c4 e6 3.Nf3 b6 4.g3 Ba6 5.Qa4 c5 6.Bg2 Bb7
7.O-O cxd4 8.Nxd4 Bxg2 9.Kxg2 Qc8 10.Nc3 Nc6 11.Nxc6 Qxc6+ 12.Qxc6 dxc6 13.Rd1
Bb4 14.Bd2 O-O-O 15.a3 Bc5 16.b4 Bd4 17.Be1 Ng4 18.h3 Ne5 19.e3 Bxc3 20.Bxc3
Nxc4 21.Bxg7 Rxd1 22.Rxd1 Rg8 23.Bd4 Rd8 24.a4 Kb7 25.Rc1 b5 26.f4 a5 27.axb5
cxb5 28.bxa5 Nxa5 29.Rc5 Rd5 30.Rxd5 exd5 31.g4 b4 32.Kf3 Nc4 33.Ke2 Kc6 34.f5
Nd6 35.h4 Ne4 36.Be5 Kc5 37.g5 Kc4 38.Kd1 Kd3 39.Kc1 Kxe3 40.Kc2 d4 41.h5 d3+

[Event "2. Bundesliga West 2008/2009"]
[Site "Jenbach"]
[Date "2008.10.17"]
[Round "1"]
[Board "3"]
[White "Micheli, Carlo"]
[Black "Gruber, Michael"]
[Result "1-0"]
[WhiteElo "2289"]
[BlackElo "2112"]
[PlyCount "81"]
[EventDate "2008.10.17"]
[EventType "team"]
[EventRounds "11"]
[EventCountry "AUT"]
[WhiteTeam "Sparkasse Jenbach II"]
[BlackTeam "Schwaz"]

{1056MB, Fritz9.ctg}  1.e4 c5 2.Nf3 d6 3.d4 cxd4 4.Nxd4 Nf6 5.Nc3 a6 6.Be3 e5
7.Nb3 Be6 8.Qd2 Nbd7 9.f4 Qc7 10.Be2 Be7 11.f5 Bc4 12.g4 Bxe2 13.Qxe2 Nb6 14.g5
Nfd7 15.a4 Qc4 16.Qf2 Qc6 17.a5 Nc4 18.Bc1 b5 19.Nd5 Bd8 20.h4 Rc8 21.Rh3 Nc5
22.Nxc5 Qxc5 23.Qxc5 dxc5 24.b3 Nd6 25.Bb2 f6 26.O-O-O Rc6 27.gxf6 gxf6 28.Rg3
Nxe4 29.Rg7 Rd6 30.c4 bxc4 31.bxc4 Bxa5 32.Rdg1 Bd2+ 33.Kc2 Bh6 34.Re7+ Kd8
35.Ra7 Rf8 36.Rxh7 Bf4 37.Rgg7 Rc6 38.Rd7+ Kc8 39.Ra7 Kb8 40.Rhb7+ Kc8 41.Ne7+

[Event "2. Bundesliga West 2008/2009"]
[Site "Jenbach"]
[Date "2008.10.17"]
[Round "1"]
[Board "4"]
[White "Riedl, Johannes"]
[Black "Kleissl, Helmut"]
[Result "1/2-1/2"]
[WhiteElo "2145"]
[BlackElo "2281"]
[PlyCount "102"]
[EventDate "2008.10.17"]
[EventType "team"]
[EventRounds "11"]
[EventCountry "AUT"]
[WhiteTeam "Schwaz"]
[BlackTeam "Sparkasse Jenbach II"]

{1056MB, Fritz9.ctg}  1.Nf3 d6 2.c4 e5 3.Nc3 f5 4.d4 e4 5.Nd2 Nf6 6.e3 Be7 7.f3
O-O 8.Be2 c6 9.fxe4 Nxe4 10.Ndxe4 fxe4 11.Nxe4 d5 12.Nf2 Bd6 13.g3 Qg5 14.e4
Bb4+ 15.Kf1 Qf6 16.Be3 dxe4 17.Kg2 Qe7 18.a3 Bd6 19.Qc2 c5 20.dxc5 Bxc5 21.Bxc5
Qxc5 22.Nxe4 Qe5 23.Rhf1 Bf5 24.Bd3 Nc6 25.Nf6+ Rxf6 26.Rxf5 Rxf5 27.Bxf5 Re8
28.Bxh7+ Kh8 29.Rf1 Nd4 30.Qd3 Ne6 31.Bg6 Rf8 32.Rxf8+ Nxf8 33.b3 Nxg6 34.Qxg6
Qb2+ 35.Kh3 Qxb3 36.Qh5+ Kg8 37.Qd5+ Kf8 38.Qc5+ Kf7 39.Qxa7 Qf3 40.Qc5 Qf1+
41.Kh4 Qc1 42.a4 Qc2 43.Qd5+ Kf6 44.Qd6+ Kf7 45.Qc7+ Kg6 46.g4 Qf2+ 47.Qg3 Qf6+
48.g5 Qd4+ 49.Qg4 Qf2+ 50.Kh3 Qf1+ 51.Kg3 Qg1+

[Event "2. Bundesliga West 2008/2009"]
[Site "Jenbach"]
[Date "2008.10.17"]
[Round "1"]
[Board "5"]
[White "Hoellrigl, Wilfried"]
[Black "Kondrak, Christof"]
[Result "0-1"]
[WhiteElo "2255"]
[BlackElo "2148"]
[PlyCount "120"]
[EventDate "2008.10.17"]
[EventType "team"]
[EventRounds "11"]
[EventCountry "AUT"]
[WhiteTeam "Sparkasse Jenbach II"]
[BlackTeam "Schwaz"]

{1056MB, Fritz9.ctg}  1.e4 g6 2.d4 Bg7 3.Nc3 b6 4.Nf3 Bb7 5.Bc4 e6 6.Bg5 Bf6
7.Bxf6 Nxf6 8.e5 Ne4 9.Nxe4 Bxe4 10.Qe2 Bxf3 11.Qxf3 Nc6 12.O-O-O O-O 13.h4 d5
14.exd6 Qxd6 15.h5 Nxd4 16.Qe4 e5 17.hxg6 Qxg6 18.Rh4 Qxe4 19.Rxe4 Rfe8 20.f4
Rad8 21.fxe5 Ne6 22.Rg4+ Ng7 23.Re1 Re7 24.Re3 Kh8 25.Bd3 c5 26.b3 Rd4 27.Rg5
Ne6 28.Rh5 Nf8 29.Reh3 Kg8 30.a4 Rg4 31.g3 Rg7 32.a5 Ng6 33.Bxg6 fxg6 34.Rg5
Rgf7 35.Rh1 Re6 36.Rd1 Kg7 37.axb6 axb6 38.Rd6 Rfe7 39.Rg4 Rxd6 40.exd6 Rd7
41.Kd2 h5 42.Rc4 Rxd6+ 43.Ke3 Rf6 44.b4 Rf5 45.Re4 Kf6 46.bxc5 bxc5 47.Ra4 Ke5
48.Ra6 g5 49.Rh6 g4 50.Kd3 c4+ 51.Ke3 Rf3+ 52.Kd2 Rxg3 53.Rxh5+ Kd4 54.Rh8 Rg2+
55.Kd1 Kc3 56.Ra8 Rg1+ 57.Ke2 Kxc2 58.Kf2 Rd1 59.Rg8 Rd2+ 60.Ke3 Rd3+

[Event "2. Bundesliga West 2008/2009"]
[Site "Jenbach"]
[Date "2008.10.17"]
[Round "1"]
[Board "1"]
[White "Gatterer, Florian"]
[Black "Lanka, Zigurds"]
[Result "0-1"]
[WhiteElo "2302"]
[BlackElo "2494"]
[PlyCount "82"]
[EventDate "2008.10.17"]
[EventType "team"]
[EventRounds "11"]
[EventCountry "AUT"]
[WhiteTeam "Rochade Rum"]
[BlackTeam "Mayrhofen/Zillertal"]

{1056MB, Fritz9.ctg}  1.c4 c5 2.g3 Nf6 3.Bg2 g6 4.Nc3 Bg7 5.Nf3 O-O 6.O-O d5
7.cxd5 Nxd5 8.Nxd5 Qxd5 9.d3 Nc6 10.Be3 Bd7 11.Qc1 Rac8 12.Bh6 Qd6 13.Bxg7 Kxg7
14.h3 b6 15.Qd2 f6 16.Rfd1 e5 17.Kh2 Rcd8 18.Kh1 Be6 19.Kh2 Rfe8 20.Qc1 Nd4
21.Nxd4 exd4 22.Re1 Bd5 23.Qd2 Bxg2 24.Kxg2 Rd7 25.a3 Qd5+ 26.Kh2 h5 27.Rac1 h4
28.g4 Qd6+ 29.Kh1 a5 30.b4 cxb4 31.axb4 a4 32.Rc2 Rde7 33.Rcc1 g5 34.Rc2 Kg6
35.Rc4 Re5 36.Qb2 Re3 37.fxe3 Rxe3 38.Rg1 Rxh3+ 39.Kg2 Rh2+ 40.Kf1 Qf4+ 41.Ke1
Qf2+

[Event "2. Bundesliga West 2008/2009"]
[Site "Jenbach"]
[Date "2008.10.17"]
[Round "1"]
[Board "2"]
[White "Gross, David"]
[Black "Bertagnolli, Alexander"]
[Result "1-0"]
[WhiteElo "2485"]
[BlackElo "2322"]
[PlyCount "73"]
[EventDate "2008.10.17"]
[EventType "team"]
[EventRounds "11"]
[EventCountry "AUT"]
[WhiteTeam "Mayrhofen/Zillertal"]
[BlackTeam "Rochade Rum"]

{1056MB, Fritz9.ctg}  1.e4 c5 2.Nf3 d6 3.d4 cxd4 4.Nxd4 Nf6 5.Nc3 a6 6.Be2 e5
7.Nb3 Be7 8.O-O Be6 9.f4 Qc7 10.g4 exf4 11.Bxf4 Nc6 12.Kh1 O-O 13.Nc5 Ne5
14.Nxe6 fxe6 15.g5 Nfd7 16.Bg4 Nxg4 17.Qxg4 Qc4 18.Qh3 Rac8 19.Rf3 Rxf4 20.Rxf4
Bxg5 21.Rf3 Rf8 22.Raf1 Rxf3 23.Rxf3 Nf8 24.Qg3 Qc5 25.b4 Qe5 26.Qxe5 dxe5
27.Na4 Nd7 28.Nc5 Nf6 29.Nxe6 Bd2 30.a3 b6 31.c4 Kf7 32.Nc7 Kg6 33.Nxa6 Nxe4
34.c5 bxc5 35.bxc5 Ba5 36.c6 Nd6 37.Rd3

[Event "2. Bundesliga West 2008/2009"]
[Site "Jenbach"]
[Date "2008.10.17"]
[Round "1"]
[Board "4"]
[White "Tabernig, Bernhard"]
[Black "Jedinger, Andreas"]
[Result "1-0"]
[WhiteElo "2299"]
[BlackElo "2183"]
[PlyCount "49"]
[EventDate "2008.10.17"]
[EventType "team"]
[EventRounds "11"]
[EventCountry "AUT"]
[WhiteTeam "Mayrhofen/Zillertal"]
[BlackTeam "Rochade Rum"]

{1056MB, Fritz9.ctg}  1.d4 Nf6 2.c4 e5 3.dxe5 Ng4 4.Bf4 Nc6 5.Nf3 Bb4+ 6.Nc3 Qe7
7.Qb3 Ba5 8.e3 Ngxe5 9.Nxe5 Nxe5 10.Be2 b6 11.O-O Bxc3 12.Qxc3 d6 13.b4 O-O
14.c5 Bb7 15.Rac1 Rfd8 16.a4 Qe6 17.a5 bxc5 18.bxc5 Rab8 19.cxd6 cxd6 20.a6 Ba8
21.Rfd1 Rdc8 22.Qa5 Rxc1 23.Rxc1 Qg6 24.Bf1 Nd3 25.Qb5

[Event "2. Bundesliga West 2008/2009"]
[Site "Jenbach"]
[Date "2008.10.17"]
[Round "1"]
[Board "5"]
[White "Muehlbacher, Bernhard"]
[Black "Schiestl, Josef"]
[Result "1/2-1/2"]
[WhiteElo "2171"]
[BlackElo "2147"]
[PlyCount "26"]
[EventDate "2008.10.17"]
[EventType "team"]
[EventRounds "11"]
[EventCountry "AUT"]
[WhiteTeam "Rochade Rum"]
[BlackTeam "Mayrhofen/Zillertal"]

{1056MB, Fritz9.ctg}  1.c4 Nf6 2.g3 g6 3.Bg2 Bg7 4.Nc3 O-O 5.e3 d6 6.Nge2 e5
7.O-O c6 8.d4 Qe7 9.b3 Bf5 10.Ba3 e4 11.h3 h5 12.Qd2 Na6 13.b4 Rac8

[Event "2. Bundesliga West 2008/2009"]
[Site "Vorarlberg"]
[Date "2008.10.17"]
[Round "1"]
[Board "5"]
[White "Sandholzer, Robert"]
[Black "Kessler, Luca"]
[Result "1/2-1/2"]
[WhiteElo "2107"]
[BlackElo "1931"]
[PlyCount "48"]
[EventDate "2008.10.17"]
[EventType "team"]
[EventRounds "11"]
[EventCountry "AUT"]
[WhiteTeam "Hohenems II"]
[BlackTeam "Dornbirn"]

1.e4 c5 2.Nf3 d6 3.c3 Nf6 4.Bd3 Nc6 5.Bc2 Bg4 6.h3 Bh5 7.O-O e6 8.d3 Be7 9.Nbd2
O-O 10.Qe2 Qc7 11.g4 Bg6 12.Nh4 d5 13.Nxg6 hxg6 14.f4 dxe4 15.Nxe4 Nxe4 16.Qxe4
b5 17.Bd2 Rfd8 18.Rae1 Qd6 19.Bb1 Qd5 20.Qe3 Bf6 21.Kh2 a5 22.g5 Be7 23.h4 Bd6
24.Qe4 Bc7

[Event "2. Bundesliga West 2008/2009"]
[Site "Salzburg"]
[Date "2008.10.17"]
[Round "1"]
[Board "1"]
[White "Navratil, Robert"]
[Black "Prusikin, Michael"]
[Result "0-1"]
[WhiteElo "2127"]
[BlackElo "2538"]
[PlyCount "82"]
[EventDate "2008.10.17"]
[EventType "team"]
[EventRounds "11"]
[EventCountry "AUT"]
[WhiteTeam "ASK Salzburg"]
[BlackTeam "Wuestenrot Inter Sbg Sued"]

1.e4 e6 2.d4 d5 3.Nd2 c5 4.Ngf3 cxd4 5.exd5 Qxd5 6.Bc4 Qd6 7.O-O Nf6 8.Re1 Nc6
9.Nb3 Bd7 10.Nbxd4 Nxd4 11.Qxd4 Qxd4 12.Nxd4 Rc8 13.Bb3 Bc5 14.Nf5 O-O 15.Ng3
Bc6 16.Be3 Bxe3 17.Rxe3 Rfd8 18.f3 Kf8 19.Ree1 a5 20.a4 Nd7 21.c3 Nc5 22.Bc2 Rd2
23.Rec1 Ke7 24.Nf1 Rdd8 25.Ng3 Ra8 26.Rd1 Rxd1+ 27.Bxd1 Ra6 28.Bc2 g6 29.Kf2 f5
30.Nf1 Rb6 31.b3 Bd5 32.Nd2 e5 33.Rb1 Rc6 34.b4 Ne6 35.c4 Bxc4 36.bxa5 Ba6
37.Rb2 Nd4 38.Bd1 Rc1 39.Bb3 Rc5 40.Bd1 Rxa5 41.Nb3 Rxa4

[Event "2. Bundesliga West 2008/2009"]
[Site "Salzburg"]
[Date "2008.10.17"]
[Round "1"]
[Board "3"]
[White "Besner, Bernhard"]
[Black "Durakovic, Alman"]
[Result "1/2-1/2"]
[WhiteElo "2145"]
[BlackElo "2151"]
[PlyCount "114"]
[EventDate "2008.10.17"]
[EventType "team"]
[EventRounds "11"]
[EventCountry "AUT"]
[WhiteTeam "ASK Salzburg"]
[BlackTeam "Wuestenrot Inter Sbg Sued"]

1.e4 c5 2.c3 Qa5 3.Nf3 Nc6 4.d4 cxd4 5.b4 Qc7 6.b5 Ne5 7.Nxe5 Qxe5 8.Qxd4 Qxd4
9.cxd4 d5 10.Nc3 e6 11.exd5 Bb4 12.Bd2 Nf6 13.dxe6 Bxe6 14.Bd3 O-O 15.Ne2 Ba3
16.O-O Rac8 17.Rfb1 Bc4 18.Bxc4 Rxc4 19.Bc1 Bb4 20.Rb3 Nd5 21.Be3 Re8 22.Kf1 Rc2
23.a3 Ba5 24.Rd1 f5 25.g3 g5 26.h4 f4 27.gxf4 Rxe2 28.Kxe2 gxf4 29.Rg1+ Kf7
30.Rg5 Nf6 31.h5 fxe3 32.Rxe3 Rg8 33.Reg3 Bc7 34.Rxg8 Nxg8 35.Rc3 Bd6 36.a4 Nf6
37.h6 Nd5 38.Rc8 Nb6 39.Rh8 Kg6 40.a5 Nd5 41.Rd8 Nc3+ 42.Kd3 Nxb5 43.Kc4 a6
44.Rd7 Bc7 45.d5 Kxh6 46.Kc5 Kg6 47.d6 Bxd6+ 48.Kb6 Bf4 49.Kxb7 Nc7 50.Kc6 h5
51.Kc5 h4 52.Kd4 h3 53.Ke4 h2 54.Rd1 Ne6 55.Kf3 Kf5 56.Kg2 Bc7 57.Rc1 Bxa5

[Event "2. Bundesliga West 2008/2009"]
[Site "Salzburg"]
[Date "2008.10.17"]
[Round "1"]
[Board "4"]
[White "Endthaler, Arnold"]
[Black "Loeffler, Christoph"]
[Result "0-1"]
[WhiteElo "2061"]
[BlackElo "2166"]
[PlyCount "56"]
[EventDate "2008.10.17"]
[EventType "team"]
[EventRounds "11"]
[EventCountry "AUT"]
[WhiteTeam "Wuestenrot Inter Sbg Sued"]
[BlackTeam "ASK Salzburg"]

1.Nf3 d5 2.d4 Nf6 3.c4 e6 4.Nc3 Be7 5.e3 O-O 6.Bd3 dxc4 7.Bxc4 a6 8.O-O b5 9.Bd3
Bb7 10.Qe2 c5 11.dxc5 Bxc5 12.Rd1 Qe7 13.Bd2 Nbd7 14.Rac1 Rfd8 15.Bb1 Rac8
16.Ng5 h6 17.Nge4 Bb6 18.Ng3 Ne5 19.Be1 g6 20.Nce4 Nd5 21.Rxc8 Rxc8 22.Nc3 f5
23.Nxd5 exd5 24.Bc3 b4 25.Bd4 Qd6 26.Bxf5 gxf5 27.Nxf5 Qf6 28.Bxb6 Qxf5

[Event "2. Bundesliga West 2008/2009"]
[Site "Salzburg"]
[Date "2008.10.17"]
[Round "1"]
[Board "6"]
[White "Waggerl, Franz"]
[Black "Leeb, Hans-Peter"]
[Result "1/2-1/2"]
[WhiteElo "2139"]
[BlackElo "2157"]
[PlyCount "168"]
[EventDate "2008.10.17"]
[EventType "team"]
[EventRounds "11"]
[EventCountry "AUT"]
[WhiteTeam "Wuestenrot Inter Sbg Sued"]
[BlackTeam "ASK Salzburg"]

1.f4 Nf6 2.Nf3 g6 3.g3 Bg7 4.Bg2 O-O 5.O-O c5 6.Nc3 d5 7.d3 Nc6 8.e4 d4 9.Na4
Nd7 10.b3 b5 11.Nb2 Bb7 12.a4 a6 13.Ng5 h6 14.Nh3 e6 15.f5 Nce5 16.fxe6 fxe6
17.Nf4 Qb6 18.Bh3 Rfe8 19.Qe2 Qc6 20.axb5 axb5 21.Rxa8 Bxa8 22.Nd1 Bb7 23.Nf2 c4
24.bxc4 bxc4 25.Nxg6 Nxg6 26.Qh5 Nde5 27.Bxh6 Rf8 28.Ng4 Rxf1+ 29.Kxf1 cxd3
30.Nxe5 Nxe5 31.Bxg7 Nf7 32.Bxd4 dxc2 33.Qg4+ Kf8 34.Be3 c1=Q+ 35.Bxc1 Qxc1+
36.Kf2 Qc5+ 37.Kg2 Qc2+ 38.Kg1 Qc5+ 39.Kg2 Ng5 40.Qf4+ Ke7 41.Bg4 Bxe4+ 42.Kf1
Bd3+ 43.Be2 Bxe2+ 44.Kxe2 Qc2+ 45.Kf1 Qd1+ 46.Kg2 Qe2+ 47.Kh1 Qd1+ 48.Kg2 Qd5+
49.Kf1 Qh1+ 50.Ke2 Qxh2+ 51.Kd3 Qh7+ 52.Ke3 Nf7 53.Qc7+ Kf6 54.Qc3+ Ne5 55.Kf2
Qd3 56.Qe1 Qc2+ 57.Kf1 Nd3 58.Qa1+ Qb2 59.Qa7 Kg6 60.Kg1 Qe2 61.Qb8 Ne5 62.Qg8+
Kf6 63.Qh8+ Ke7 64.Qh4+ Kd7 65.Qd4+ Kc6 66.Qa4+ Kd5 67.Qb3+ Qc4 68.Qb7+ Kd4
69.Qb6+ Qc5 70.Qxe6 Qc1+ 71.Kg2 Qc2+ 72.Kf1 Qd1+ 73.Kg2 Qf3+ 74.Kh2 Qe2+ 75.Kh3
Qh5+ 76.Kg2 Qf3+ 77.Kh2 Qe4 78.Qb6+ Kc4 79.Qa6+ Kc3 80.Qa1+ Kd2 81.Qb2+ Ke1
82.Qc1+ Ke2 83.Qb2+ Ke3 84.Qc1+ Ke2

[Event "2. Bundesliga West 2008/2009"]
[Site "Salzburg"]
[Date "2008.10.17"]
[Round "1"]
[Board "2"]
[White "Danner, Georg"]
[Black "Dovzik, Juri"]
[Result "1-0"]
[WhiteElo "2440"]
[BlackElo "2395"]
[PlyCount "81"]
[EventDate "2008.10.17"]
[EventType "team"]
[EventRounds "11"]
[EventCountry "AUT"]
[WhiteTeam "Sparkasse Schwarzach"]
[BlackTeam "ATSV Ranshofen"]

1.d4 d5 2.Nf3 Nf6 3.c4 c6 4.e3 a6 5.Bd3 dxc4 6.Bxc4 e6 7.O-O c5 8.Qe2 Nc6 9.Nc3
Qc7 10.Rd1 Be7 11.d5 exd5 12.Nxd5 Nxd5 13.Bxd5 O-O 14.Bd2 b6 15.Bc3 Bb7 16.Rd2
Rad8 17.Rad1 h6 18.Qc4 g6 19.h4 Nb8 20.Bxf7+ Rxf7 21.Rxd8+ Bxd8 22.Ne5 Nc6
23.Nxf7 Qxf7 24.Qxf7+ Kxf7 25.Rd7+ Ke6 26.Rxb7 b5 27.Rg7 Ne7 28.e4 Bc7 29.b3 h5
30.Kf1 b4 31.Bb2 a5 32.Ke2 c4 33.bxc4 a4 34.Kd3 a3 35.Bd4 b3 36.axb3 Bd6 37.c5
Bb8 38.Kc2 Nc6 39.Rxg6+ Kd7 40.Bc3 a2 41.Rg8

[Event "2. Bundesliga West 2008/2009"]
[Site "Salzburg"]
[Date "2008.10.17"]
[Round "1"]
[Board "4"]
[White "Huber, David"]
[Black "Bensch, Patrick"]
[Result "0-1"]
[WhiteElo "2176"]
[BlackElo "2228"]
[PlyCount "66"]
[EventDate "2008.10.17"]
[EventType "team"]
[EventRounds "11"]
[EventCountry "AUT"]
[WhiteTeam "Sparkasse Schwarzach"]
[BlackTeam "ATSV Ranshofen"]

1.d4 Nf6 2.Nf3 g6 3.c4 Bg7 4.Nc3 d5 5.b4 O-O 6.e3 b6 7.c5 a5 8.cxb6 axb4 9.bxc7
Qxc7 10.Nb5 Qa5 11.Bd2 Ba6 12.a4 Ne4 13.Be2 Nd7 14.O-O Nd6 15.Nxd6 exd6 16.Bxa6
Rxa6 17.Qe2 Rb8 18.Rfb1 Nc5 19.Qe1 Nd3 20.Qe2 Nc5 21.Ne1 Ne4 22.Bxb4 Rxb4
23.Rxb4 Qxb4 24.Qxa6 Qb2 25.Qc8+ Bf8 26.Nc2 Nc3 27.a5 Qxc2 28.Qa6 Ne2+ 29.Kf1
Nc1 30.g3 Nd3 31.Ra2 Qxa2 32.Qxd3 Qxa5 33.Kg2 Qa4

[Event "2. Bundesliga West 2008/2009"]
[Site "Salzburg"]
[Date "2008.10.17"]
[Round "1"]
[Board "5"]
[White "Hackbarth, Wolfgang"]
[Black "Schoeppl, Engelbert"]
[Result "1-0"]
[WhiteElo "2167"]
[BlackElo "2220"]
[PlyCount "113"]
[EventDate "2008.10.17"]
[EventType "team"]
[EventRounds "11"]
[EventCountry "AUT"]
[WhiteTeam "ATSV Ranshofen"]
[BlackTeam "Sparkasse Schwarzach"]

1.c4 e5 2.Nc3 Nc6 3.g3 f5 4.d3 Nf6 5.Bg2 Bb4 6.Bg5 h6 7.Bd2 O-O 8.e3 a5 9.Nge2
Bc5 10.O-O d6 11.Nd5 Nxd5 12.cxd5 Ne7 13.a3 a4 14.Rc1 Bd7 15.Bc3 Ng6 16.d4 Bb6
17.dxe5 dxe5 18.Bb4 Rf6 19.Bc5 f4 20.exf4 exf4 21.Bxb6 Rxb6 22.Qd4 Bb5 23.Rfe1
Bxe2 24.Rxe2 Rf6 25.Rec2 c6 26.Qc4 Ne5 27.Qd4 Qxd5 28.Qxd5+ cxd5 29.Bxd5+ Kf8
30.gxf4 Rxf4 31.Rc8+ Rxc8 32.Rxc8+ Ke7 33.Bxb7 Nc4 34.Rc7+ Kf6 35.Bd5 Rg4+
36.Kf1 Nxb2 37.Bf3 Rf4 38.Be2 Rh4 39.Rc2 Rxh2 40.Rxb2 Rh1+ 41.Kg2 Ra1 42.Rb4
Rxa3 43.Bd1 Rd3 44.Bxa4 Rc3 45.Be8 Rc8 46.Re4 Rc5 47.Bd7 Rg5+ 48.Kf3 Rg1 49.Rf4+
Ke5 50.Be8 g5 51.Re4+ Kf6 52.Rb4 Ke5 53.Rb5+ Kd4 54.Bh5 Rh1 55.Bg4 h5 56.Kg2 Rh4
57.Bd7

[Event "2. Bundesliga West 2008/2009"]
[Site "Salzburg"]
[Date "2008.10.17"]
[Round "1"]
[Board "6"]
[White "Stoeckl, Norbert"]
[Black "Maierhofer, Johann"]
[Result "0-1"]
[WhiteElo "2084"]
[BlackElo "2167"]
[PlyCount "70"]
[EventDate "2008.10.17"]
[EventType "team"]
[EventRounds "11"]
[EventCountry "AUT"]
[WhiteTeam "Sparkasse Schwarzach"]
[BlackTeam "ATSV Ranshofen"]

1.e4 Nf6 2.e5 Nd5 3.d4 d6 4.Nf3 Bg4 5.Be2 Nc6 6.c4 Nb6 7.exd6 cxd6 8.Nbd2 g6
9.h3 Bf5 10.Nf1 Bg7 11.Ng3 Bd7 12.Be3 O-O 13.Qd2 Rc8 14.Rc1 Re8 15.O-O Na8 16.b4
b6 17.d5 Ne5 18.Nd4 f5 19.b5 Nc7 20.Nc6 Bxc6 21.bxc6 Na6 22.h4 Nc5 23.h5 Bf6
24.Rfd1 Nf7 25.Bf1 e5 26.Qc2 Bg5 27.Bxc5 Bxc1 28.Bxd6 Qxd6 29.Rxc1 Qc5 30.Rb1
Nd6 31.Qc1 f4 32.hxg6 fxg3 33.Qg5 Qxf2+ 34.Kh1 Qf5 35.gxh7+ Kh8

[Event "2. Bundesliga West 2008/2009"]
[Site "Jenbach"]
[Date "2008.10.18"]
[Round "2"]
[Board "1"]
[White "Reich, Thomas"]
[Black "Gatterer, Florian"]
[Result "1-0"]
[WhiteElo "2425"]
[BlackElo "2302"]
[PlyCount "49"]
[EventDate "2008.10.17"]
[EventType "team"]
[EventRounds "11"]
[EventCountry "AUT"]
[WhiteTeam "Sparkasse Jenbach II"]
[BlackTeam "Rochade Rum"]

{1056MB, Fritz9.ctg}  1.e4 c6 2.d4 d5 3.exd5 cxd5 4.c4 Nf6 5.Nc3 e6 6.Nf3 Bb4
7.cxd5 Nxd5 8.Bd2 Nc6 9.Bd3 O-O 10.O-O Be7 11.Re1 Bf6 12.h4 Nxc3 13.bxc3 b6
14.Ng5 g6 15.Re3 Bg7 16.Qf3 Bb7 17.Rae1 Na5 18.Qh3 Bd5 19.Rg3 h6 20.h5 hxg5
21.Bxg5 f6 22.hxg6 Re8 23.Qh7+ Kf8 24.Bh6 Bxh6 25.Qf7#

[Event "2. Bundesliga West 2008/2009"]
[Site "Jenbach"]
[Date "2008.10.18"]
[Round "2"]
[Board "2"]
[White "Bertagnolli, Alexander"]
[Black "Deglmann, Ludwig"]
[Result "1/2-1/2"]
[WhiteElo "2322"]
[BlackElo "2336"]
[PlyCount "64"]
[EventDate "2008.10.17"]
[EventType "team"]
[EventRounds "11"]
[EventCountry "AUT"]
[WhiteTeam "Rochade Rum"]
[BlackTeam "Sparkasse Jenbach II"]

{1056MB, Fritz9.ctg}  1.b3 d5 2.Bb2 Bg4 3.h3 Bh5 4.g4 Bg6 5.Bg2 c6 6.d3 h5 7.g5
e5 8.h4 f6 9.c4 d4 10.Nd2 Nd7 11.Ngf3 Ne7 12.gxf6 gxf6 13.Rg1 Bf5 14.Qc2 Ng6
15.O-O-O Qa5 16.Kb1 O-O-O 17.Bh3 Nxh4 18.Nxh4 Bxh3 19.Ne4 Be6 20.Rg6 Bf7 21.Rg2
Nc5 22.Bc1 Nxe4 23.dxe4 Rg8 24.Rxg8 Bxg8 25.Qd3 Qc3 26.Nf5 Qxd3+ 27.exd3 Kd7
28.Rh1 Bf7 29.Ng3 Be7 30.Nxh5 Bxh5 31.Rxh5 Rg8 32.Rh2 Rg1

[Event "2. Bundesliga West 2008/2009"]
[Site "Jenbach"]
[Date "2008.10.18"]
[Round "2"]
[Board "3"]
[White "Micheli, Carlo"]
[Black "Eybl, Alexander"]
[Result "1/2-1/2"]
[WhiteElo "2289"]
[BlackElo "2270"]
[PlyCount "116"]
[EventDate "2008.10.17"]
[EventType "team"]
[EventRounds "11"]
[EventCountry "AUT"]
[WhiteTeam "Sparkasse Jenbach II"]
[BlackTeam "Rochade Rum"]

{1056MB, Fritz9.ctg}  1.e4 c5 2.Nf3 e6 3.c4 Nc6 4.Nc3 e5 5.g3 g6 6.a3 a5 7.d3
Bg7 8.Bg2 Nge7 9.O-O d6 10.Nh4 O-O 11.f4 exf4 12.gxf4 f5 13.Rb1 Nd4 14.Bd2 Nec6
15.Be1 fxe4 16.Nxe4 Kh8 17.Bg3 Nf5 18.Nxf5 Bxf5 19.Kh1 Qd7 20.Re1 Rae8 21.Qd2 b6
22.b3 d5 23.Nf2 Rxe1+ 24.Rxe1 Nd4 25.Qd1 a4 26.bxa4 dxc4 27.dxc4 Bc2 28.Qc1 Qxa4
29.Bd5 Re8 30.Ne4 Qd7 31.Ng5 h6 32.Ne6 Ba4 33.Nxg7 Kxg7 34.Re5 Bc6 35.f5 Nxf5
36.Qf4 Rf8 37.Qf3 Nxg3+ 38.Qxg3 Bxd5+ 39.Rxd5 Qf7 40.Qd3 Qf3+ 41.Qxf3 Rxf3
42.Rd7+ Rf7 43.Rd6 Rf4 44.Rxb6 Rxc4 45.Rc6 h5 46.Kg2 Kh6 47.a4 Rg4+ 48.Kf3 Rh4
49.Kg3 Rg4+ 50.Kf3 Rxa4 51.Rxc5 Rg4 52.h3 Rg5 53.Rc4 Ra5 54.h4 Rf5+ 55.Kg3 Rf1
56.Kg2 Ra1 57.Kg3 Ra3+ 58.Kg2 Rb3

[Event "2. Bundesliga West 2008/2009"]
[Site "Jenbach"]
[Date "2008.10.18"]
[Round "2"]
[Board "4"]
[White "Jedinger, Andreas"]
[Black "Kleissl, Helmut"]
[Result "1/2-1/2"]
[WhiteElo "2183"]
[BlackElo "2281"]
[PlyCount "73"]
[EventDate "2008.10.17"]
[EventType "team"]
[EventRounds "11"]
[EventCountry "AUT"]
[WhiteTeam "Rochade Rum"]
[BlackTeam "Sparkasse Jenbach II"]

{1056MB, Fritz9.ctg}  1.e4 b6 2.d4 Bb7 3.Bd3 e6 4.Nf3 c5 5.c3 Nf6 6.Qe2 Be7
7.O-O Nc6 8.a3 Na5 9.Nbd2 c4 10.Bc2 b5 11.Re1 O-O 12.Rb1 a6 13.Nf1 Rc8 14.Ng3
Qc7 15.Ng5 g6 16.Nh3 Ne8 17.Bh6 Ng7 18.Rbd1 Rce8 19.Qg4 Qd8 20.e5 f5 21.exf6
Bxf6 22.Ng5 Bxg5 23.Bxg5 Qc7 24.Bh6 Rf7 25.Bxg7 Kxg7 26.Be4 Nc6 27.h4 Ne7
28.Bxb7 Qxb7 29.h5 Ref8 30.f3 Nf5 31.hxg6 hxg6 32.Nh5+ Kh6 33.Nf4 Ne7 34.Nh3 Kg7
35.Re4 Qb8 36.Rde1 Nd5 37.Re5

[Event "2. Bundesliga West 2008/2009"]
[Site "Jenbach"]
[Date "2008.10.18"]
[Round "2"]
[Board "5"]
[White "Hoellrigl, Wilfried"]
[Black "Muehlbacher, Bernhard"]
[Result "1-0"]
[WhiteElo "2255"]
[BlackElo "2171"]
[PlyCount "59"]
[EventDate "2008.10.17"]
[EventType "team"]
[EventRounds "11"]
[EventCountry "AUT"]
[WhiteTeam "Sparkasse Jenbach II"]
[BlackTeam "Rochade Rum"]

{1056MB, Fritz9.ctg}  1.e4 c5 2.c3 b6 3.d4 Bb7 4.Bd3 Nf6 5.Qe2 cxd4 6.cxd4 Nc6
7.Nf3 Nb4 8.Nc3 Nxd3+ 9.Qxd3 d5 10.e5 Ne4 11.e6 Qc8 12.exf7+ Kxf7 13.Ne5+ Kg8
14.Qf3 Qe8 15.O-O e6 16.Re1 Bd6 17.Bf4 Qe7 18.Nxe4 dxe4 19.Qe3 Bxe5 20.Bxe5 h6
21.Rac1 Rc8 22.Rxc8+ Bxc8 23.Rc1 Kh7 24.Qf4 Rd8 25.Qxe4+ Kg8 26.Rc7 Bd7 27.Qb7
Qb4 28.h3 Qe1+ 29.Kh2 Qxf2 30.Rxd7

[Event "2. Bundesliga West 2008/2009"]
[Site "Jenbach"]
[Date "2008.10.18"]
[Round "2"]
[Board "1"]
[White "Bayer, Bernhard"]
[Black "Lanka, Zigurds"]
[Result "1-0"]
[WhiteElo "2359"]
[BlackElo "2494"]
[PlyCount "127"]
[EventDate "2008.10.17"]
[EventType "team"]
[EventRounds "11"]
[EventCountry "AUT"]
[WhiteTeam "Schwaz"]
[BlackTeam "Mayrhofen/Zillertal"]

{1056MB, Fritz9.ctg}  1.c4 Nf6 2.Nf3 g6 3.g3 Bg7 4.Bg2 d6 5.Nc3 O-O 6.O-O a6
7.d3 e5 8.Rb1 h6 9.b4 Nh5 10.Bd2 c6 11.Qc1 Kh7 12.a4 Be6 13.b5 axb5 14.axb5 f5
15.bxc6 bxc6 16.Ne1 Ra7 17.Qb2 Nf6 18.Nc2 Qc8 19.Qb6 Raf7 20.Rb2 e4 21.Rfb1 Nbd7
22.Qb7 Ne5 23.Qxc8 Bxc8 24.Ne1 d5 25.cxd5 cxd5 26.Nb5 Ne8 27.Rc2 Bd7 28.Rc5 Bxb5
29.Rbxb5 Ng4 30.h3 Ngf6 31.Nc2 Nd6 32.Rb1 Ra8 33.Bf4 Nde8 34.Rc6 Nd7 35.Nb4 g5
36.Bd2 Ne5 37.Rcc1 Nf6 38.Bc3 Re8 39.Ba1 f4 40.Nxd5 f3 41.Nxf6+ Bxf6 42.d4 fxg2
43.dxe5 Bxe5 44.Bxe5 Rxe5 45.e3 Re6 46.Rc2 Kg7 47.Kxg2 Ref6 48.Rb5 Re7 49.Rbc5
Kg6 50.Rc8 Kg7 51.Rb8 Rd6 52.Rcc8 Rf6 53.Re8 Rff7 54.Rg8+ Kf6 55.Rb6+ Re6
56.Rg6+ Kxg6 57.Rxe6+ Kf5 58.Rxh6 Rg7 59.Ra6 Ke5 60.Ra5+ Ke6 61.g4 Rg8 62.Kg3
Rg7 63.Rf5 Rg8 64.h4